|
|
|
|
| LEADER |
00000nam0a2200000 4500 |
| 001 |
682934 |
| 005 |
20251222155038.0 |
| 010 |
|
|
|a 978-5-4344-0989-6
|
| 090 |
|
|
|a 682934
|
| 100 |
|
|
|a 20251110d2023 k||y0rusy50 ca
|
| 101 |
0 |
|
|a rus
|
| 102 |
|
|
|a RU
|
| 105 |
|
|
|a a z 001yy
|
| 181 |
|
0 |
|a i
|b e
|
| 182 |
|
0 |
|a n
|
| 183 |
|
0 |
|a nc
|2 RDAcarrier
|
| 200 |
1 |
|
|a Физико-технические основы крупномасштабного подземного аккумулирования энергоносителей
|f В. А. Казарян
|
| 203 |
|
|
|a Текст
|b визуальный
|c непосредственный
|
| 210 |
|
|
|a Москва
|a Ижевск
|c Институт компьютерных исследований
|d 2023
|
| 215 |
|
|
|a 1069 с.
|c ил.
|
| 283 |
|
|
|a volume
|2 RDAcarrier
|
| 320 |
|
|
|a Список рекомендуемой литературы: с. 1068-1069
|
| 330 |
|
|
|a Рассмотрены крупномасштабные подземные аккумуляторы газообразных и жидких энергоносителей как необходимый элемент функционирования топливно-энергетического комплекса страны, так как неравномерность потребления энергоносителей в условиях Российской Федерации является объективной реальностью. Приведены классификация подземных аккумуляторов, методология их проектирования, соленосные бассейны на территории Российской Федерации, пригодные для строительства подземных аккумуляторов, описание геологоразведочных работ, необходимых для проектирования. Приводятся методика расчета основных параметров подземных резервуаров, технология их строительства, в том числе подземные резервуары с нетрадиционной геометрической формой и в нетрадиционных горных породах. Рассмотрены способы и технологии эксплуатации подземных аккумуляторов, процессы тепло- и массообмена при их эксплуатации, работы по геолого-гидрогеологическому сопровождению процесса эксплуатации. Изложены технологии ремонта, консервации и ликвидации подземных аккумуляторов. Приводятся способы использования подземных аккумуляторов энергоносителей в различных отраслях экономики, а также варианты коммерциализации их строительства и эксплуатации. Монография предназначена для научных и инженерно-технических, работников топливно-энергетического комплекса, а также для студентов и аспирантов соответствующего профиля.
|
| 606 |
|
|
|a Газонефтехранилища подземные
|9 33250
|
| 610 |
1 |
|
|a Россия
|
| 610 |
1 |
|
|a топливно-энергетический комплекс
|
| 610 |
1 |
|
|a энергоносители
|
| 610 |
1 |
|
|a подземные аккумуляторы
|
| 610 |
1 |
|
|a классификация
|
| 610 |
1 |
|
|a газообразные энергоносители
|
| 610 |
1 |
|
|a жидкие энергоносители
|
| 610 |
1 |
|
|a проектирование
|
| 610 |
1 |
|
|a каменная соль
|
| 610 |
1 |
|
|a подземные выработки-емкости
|
| 610 |
1 |
|
|a отложения каменной соли
|
| 610 |
1 |
|
|a строительство
|
| 610 |
1 |
|
|a нетрадиционные горные породы
|
| 610 |
1 |
|
|a нетрадиционные геометрические формы
|
| 610 |
1 |
|
|a эксплуатация
|
| 610 |
1 |
|
|a рассолохранилища
|
| 610 |
1 |
|
|a хранимые энергоносители
|
| 610 |
1 |
|
|a качество
|
| 610 |
1 |
|
|a количество
|
| 610 |
1 |
|
|a изменение
|
| 610 |
1 |
|
|a подземные резервуары
|
| 610 |
1 |
|
|a ремонт
|
| 610 |
1 |
|
|a консервация
|
| 610 |
1 |
|
|a ликвидация
|
| 610 |
1 |
|
|a применение
|
| 610 |
1 |
|
|a отрасли экономики
|
| 610 |
1 |
|
|a этапы строительства
|
| 610 |
1 |
|
|a коммерциализация
|
| 610 |
1 |
|
|a монографии
|
| 675 |
|
|
|a 622.692.24
|v 4
|
| 700 |
|
1 |
|a Казарян
|b В. А.
|g Вараздат Амаякович
|
| 801 |
|
0 |
|a RU
|b 63413507
|c 20251110
|
| 942 |
|
|
|c BK
|